[Event "Bruges Masters 2018"]
[Site "Brugge"]
[Date "2018.08.16"]
[Round "8"]
[White "Geirnaert, Steven"]
[Black "Van Foreest, Lucas"]
[Result "0-1"]
[WhiteElo "2427"]
[BlackElo "2488"]
[Annotator "ChessBase"]
[PlyCount "106"]
[EventDate "2018.08.12"]
[EventType "swiss"]
[EventCountry "BEL"]
[SourceTitle "playchess.com"]
[Source "ChessBase"]
[SourceQuality "1"]
[TimeControl "5400+30"]

1. d4 {[%emt 0:01:18]} Nf6 {[%emt 0:10:31]} 2. c4 {[%emt 0:00:12]} e6 {[%emt 0:00:02]} 3. Nf3 {[%emt 0:00:13]} d5 {[%emt 0:00:02]} 4. g3 {[%emt 0:02:11]} Be7 {[%emt 0:00:20]} 5. Bg2 {[%emt 0:00:11]} O-O {[%emt 0:00:03]} 6. O-O {[%emt 0:00:43]} c6 {[%emt 0:00:02]} 7. b3 {[%emt 0:00:56]} b6 {[%emt 0:00:14]} 8. Ne5 {[%emt 0:01:56]} Bb7 {[%emt 0:00:09]} 9. Ba3 {[%emt 0:03:29]} Nbd7 {[%emt 0:01:43]} 10. Nd3 {[%emt 0:05:58]} Rc8 {[%emt 0:00:55]} 11. Bxe7 {[%emt 0:02:00]} Qxe7 {[%emt 0:00:03]} 12. Nd2 {[%emt 0:02:12]} c5 {[%emt 0:01:00]} 13. dxc5 {[%emt 0:03:33]} Nxc5 {[%emt 0:00:23]} 14. Nxc5 {[%emt 0:00:31]} Rxc5 {[%emt 0:00:08]} 15. b4 {[%emt 0:01:07]} Rc7 {[%emt 0:00:49]} 16. a3 {[%emt 0:08:36]} Rfc8 {[%emt 0:15:37]} 17. cxd5 {[%emt 0:01:45]} Bxd5 {[%emt 0:00:49]} 18. e4 {[%emt 0:00:43]} Bb7 {[%emt 0:02:03]} 19. e5 {[%emt 0:00:15]} Nd5 {[%emt 0:00:27]} 20. Ne4 {[%emt 0:00:14]} Nc3 {[%emt 0:00:21]} 21. Nxc3 {[%emt 0:01:24]} Bxg2 {[%emt 0:01:33]} 22. Kxg2 {[%emt 0:00:23]} Rxc3 {[%emt 0:00:03]} 23. Qd2 {[%emt 0:01:45]} Qc7 {[%emt 0:06:26]} 24. Rfd1 {[%emt 0:01:51]} h5 {[%emt 0:09:38]} 25. Qg5 {[%emt 0:01:17]} Qc6+ {[%emt 0:01:01]} 26. Kg1 {[%emt 0:00:11]} Qf3 {[%emt 0:00:09]} 27. Rac1 {[%emt 0:04:33]} Kh7 {[%emt 0:10:34]} 28. h4 {[%emt 0:06:22]} Rxa3 {[%emt 0:02:20]} 29. Rd4 {[%emt 0:07:11]} Rd3 {[%emt 0:10:43]} 30. Rxd3 {[%emt 0:03:41]} Rxc1+ {[%emt 0:00:02]} 31. Qxc1 {[%emt 0:00:09]} Qxd3 {[%emt 0:00:02]} 32. Qc7 {[%emt 0:02:14]} Kg6 {[%emt 0:00:02]} 33. Qe7 {[%emt 0:00:34]} Qd1+ {[%emt 0:01:00]} 34. Kh2 {[%emt 0:01:35]} Qd2 {[%emt 0:00:16]} 35. Kh3 {[%emt 0:02:34]} a5 {[%emt 0:02:39]} 36. bxa5 {[%emt 0:00:34]} bxa5 {[%emt 0:00:03]} 37. f4 {[%emt 0:00:13]} Qd1 {[%emt 0:02:17]} 38. Kh2 {[%emt 0:01:19]} Qe2+ {[%emt 0:01:16]} 39. Kg1 {[%emt 0:02:23]} Qf3 {[%emt 0:00:06]} 40. Kh2 {[%emt 0:05:04]} a4 {[%emt 0:01:01]} 41. Qb4 {[%emt 0:04:08]} a3 {[%emt 0:01:20]} 42. Qb1+ {[%emt 0:00:05]} Kh6 {[%emt 0:00:16]} 43. Qc2 {[%emt 0:00:19]} Qd5 {[%emt 0:02:04]} 44. f5 {[%emt 0:01:48]} a2 {[%emt 0:00:24]} 45. Qc1+ {[%emt 0:00:18]} Kh7 {[%emt 0:00:02]} 46. fxe6 {[%emt 0:00:33]} Qxe6 {[%emt 0:00:13]} 47. Qc2+ {[%emt 0:03:49]} g6 {[%emt 0:00:02]} 48. Qa4 {[%emt 0:00:16]} Qd5 {[%emt 0:00:07]} 49. Qa7 {[%emt 0:01:07]} Kg7 {[%emt 0:00:02]} 50. Qa6 {[%emt 0:00:11]} Qd2+ {[%emt 0:00:20]} 51. Kh3 {[%emt 0:00:12]} Qf2 {[%emt 0:00:19]} 52. e6 {[%emt 0:00:55]} Qf5+ {[%emt 0:00:02]} 53. Kh2 {[%emt 0:00:43]} Qxe6 {[%emt 0:00:21]} 0-1

[Event "Bruges Masters 2018"]
[Site "Brugge"]
[Date "2018.08.16"]
[Round "8"]
[White "Ravi, Teja S."]
[Black "Beckett, Chris J"]
[Result "1/2-1/2"]
[WhiteElo "2374"]
[BlackElo "2155"]
[Annotator "ChessBase"]
[PlyCount "40"]
[EventDate "2018.08.12"]
[EventType "swiss"]
[EventCountry "BEL"]
[SourceTitle "playchess.com"]
[Source "ChessBase"]
[SourceQuality "1"]
[TimeControl "5400+30"]

1. d4 {[%emt 0:07:09]} e6 {[%emt 0:02:45]} 2. Nf3 {[%emt 0:00:05]} Nf6 {[%emt 0:01:59]} 3. e3 {[%emt 0:00:07]} d5 {[%emt 0:00:45]} 4. c4 {[%emt 0:00:10]} c6 {[%emt 0:07:51]} 5. b3 {[%emt 0:02:10]} Nbd7 {[%emt 0:02:06]} 6. Bb2 {[%emt 0:00:41]} Bd6 {[%emt 0:00:19]} 7. Bd3 {[%emt 0:00:09]} O-O {[%emt 0:01:03]} 8. O-O {[%emt 0:00:20]} b6 {[%emt 0:00:55]} 9. Nbd2 {[%emt 0:00:19]} Bb7 {[%emt 0:01:22]} 10. Ne5 {[%emt 0:00:57]} Qc7 {[%emt 0:16:08]} 11. f4 {[%emt 0:05:40]} c5 {[%emt 0:01:27]} 12. Nxd7 {[%emt 0:01:51]} Qxd7 {[%emt 0:01:40]} 13. dxc5 {[%emt 0:01:17]} Be7 {[%emt 0:05:50]} 14. cxb6 {[%emt 0:03:36]} Qc6 {[%emt 0:08:41]} 15. Qe2 {[%emt 0:04:52]} axb6 {[%emt 0:03:46]} 16. a4 {[%emt 0:11:46]} Rfd8 {[%emt 0:06:50]} 17. Rad1 {[%emt 0:01:52]} Ba6 {[%emt 0:05:57]} 18. Bd4 {[%emt 0:02:57]} Rac8 {[%emt 0:03:30]} 19. Qf3 {[%emt 0:03:13]} Bb7 {[%emt 0:04:10]} 20. Qh3 {[%emt 0:05:04]} Ne4 {[%emt 0:04:22]} 1/2-1/2

[Event "Bruges Masters 2018"]
[Site "Brugge"]
[Date "2018.08.16"]
[Round "8"]
[White "Frayna, Janelle Mae"]
[Black "Galunova, Tsveta"]
[Result "0-1"]
[WhiteElo "2278"]
[BlackElo "2148"]
[Annotator "NA"]
[PlyCount "26"]
[EventDate "2018.08.12"]
[EventType "swiss"]
[EventCountry "BEL"]
[SourceTitle "playchess.com"]
[Source "ChessBase"]
[SourceQuality "1"]
[TimeControl "5400+30"]

1. d4 {[%emt 0:00:00]} d5 {[%emt 0:00:30]} 2. c4 {[%emt 0:00:00]} c6 {[%emt 0:00:05]} 3. Nf3 {[%emt 0:00:00]} Nf6 {[%emt 0:00:07]} 4. Qc2 {[%emt 0:00:00]} dxc4 {[%emt 0:01:26]} 5. Qxc4 {[%emt 0:00:05]} Bf5 {[%emt 0:00:38]} 6. g3 {[%emt 0:01:16]} e6 {[%emt 0:02:30]} 7. Bg2 {[%emt 0:00:08]} Nbd7 {[%emt 0:01:21]} 8. O-O {[%emt 0:02:36]} Be7 {[%emt 0:01:10]} 9. Rd1 {[%emt 0:04:06]} O-O {[%emt 0:01:01]} 10. Nc3 {[%emt 0:02:13]} Bc2 {[%emt 0:02:49]} 11. Re1 {[%emt 0:01:25]} Nb6 {[%emt 0:04:38]} 12. b3 {[%emt 0:02:10]} Nxc4 {[%emt 0:00:29]} 13. bxc4 {[%emt 0:00:02]} Ne4 {[%emt 0:01:17]} 0-1

[Event "Bruges Masters 2018"]
[Site "Brugge"]
[Date "2018.08.16"]
[Round "8"]
[White "Balje, Jan"]
[Black "Dgebuadze, Alexandre"]
[Result "0-1"]
[WhiteElo "2200"]
[BlackElo "2511"]
[Annotator "TA"]
[PlyCount "46"]
[EventDate "2018.08.12"]
[EventType "swiss"]
[EventCountry "BEL"]
[SourceTitle "playchess.com"]
[Source "ChessBase"]
[SourceQuality "1"]

{[%evp 17,46,13,32,11,29,12,8,12,20,13,20,0,0,0,18,-50,-61,-48,114,99,136,129,151,129,149,127,185,136,191,182,271]} 1. d4 e6 {[%cal Be7e6,Be6e5][%mdl 32]} 2. c4 Bb4+ 3. Bd2 a5 4. g3 Nc6 5. Nf3 d6 6. Bg2 e5 7. d5 Bxd2+ 8. Qxd2 Nb8 9. Nc3 {A40: Unusual replies to 1 d4} Na6 {LiveBook: 8 Games} 10. e4 (10. O-O Nh6 11. Qc2 O-O 12. a3 f5 13. Rab1 Qf6 14. Qd2 e4 15. Nd4 Ng4 16. b3 Bd7 {½-½ (57) Kunte,A (2547)-Zvjaginsev,V (2674) Khanty-Mansiysk 2007}) 10... Ne7 $146 ({Predecessor:} 10... Nh6 11. O-O Nc5 12. Ne1 O-O 13. f4 f6 14. f5 c6 15. Nc2 Bd7 16. Ne3 Qb6 {½-½ (76) Istratescu,A (2540)-Totsky,L (2490) Bucharest 1998}) 11. O-O {White has an edge.} O-O 12. Ne1 f5 {[%cal Bf7f5,Bf5f4,Bf4f3][%mdl 32]} 13. Nd3 Nb4 14. Nxb4 axb4 15. Nb5 f4 $1 16. Qxb4 ({Better is} 16. Rfc1 $11) 16... f3 $15 17. Bh1 g5 $2 {[#]} (17... Ng6 $1 $15) 18. c5 Rf6 19. Rfc1 g4 20. cxd6 cxd6 21. Rc7 b6 (21... Rb8 $16 22. Rac1 Bd7) 22. a4 Ba6 (22... Ra5 $16 {was worth a try.}) 23. Rac1 $18 Ng6 {[%mdl 32768] Precision: White = 43%, Black = 60%. . Loss on Time!?} (23... Kh8 {was called for.} 24. b3 Rg6) 0-1

[Event "Bruges Masters 2018"]
[Site "Brugge"]
[Date "2018.08.16"]
[Round "8"]
[White "Faure, Stephane"]
[Black "Mehar, Chinna Reddy C H"]
[Result "0-1"]
[WhiteElo "2116"]
[BlackElo "2345"]
[Annotator "NA"]
[PlyCount "56"]
[EventDate "2018.08.12"]
[EventType "swiss"]
[EventCountry "BEL"]
[SourceTitle "playchess.com"]
[Source "ChessBase"]
[SourceQuality "1"]
[TimeControl "5400+30"]

1. e4 {[%emt 0:00:00]} c5 {[%emt 0:11:00]} 2. Nf3 {[%emt 0:00:00]} d6 {[%emt 0:00:06]} 3. d4 {[%emt 0:00:00]} cxd4 {[%emt 0:00:06]} 4. Nxd4 {[%emt 0:00:00]} Nf6 {[%emt 0:00:09]} 5. Nc3 {[%emt 0:00:00]} Nc6 {[%emt 0:00:12]} 6. Bg5 {[%emt 0:01:20]} e6 {[%emt 0:00:09]} 7. Qd2 {[%emt 0:00:39]} a6 {[%emt 0:00:07]} 8. O-O-O {[%emt 0:00:55]} Bd7 {[%emt 0:00:06]} 9. f4 {[%emt 0:01:48]} Be7 {[%emt 0:00:15]} 10. Nb3 {[%emt 0:03:53]} b5 {[%emt 0:00:34]} 11. Bd3 {[%emt 0:03:11]} h6 {[%emt 0:07:33]} 12. h4 {[%emt 0:08:14]} Qc7 {[%emt 0:06:07]} 13. e5 {[%emt 0:05:23]} dxe5 {[%emt 0:02:12]} 14. Bxf6 {[%emt 0:08:30]} gxf6 {[%emt 0:00:20]} 15. Rh3 {[%emt 0:06:54]} exf4 {[%emt 0:05:03]} 16. Bxb5 {[%emt 0:04:56]} axb5 {[%emt 0:03:04]} 17. Nxb5 {[%emt 0:00:13]} Qb7 {[%emt 0:03:03]} 18. Nd6+ {[%emt 0:07:23]} Bxd6 {[%emt 0:00:05]} 19. Qxd6 {[%emt 0:00:05]} Rxa2 {[%emt 0:05:03]} 20. Kb1 {[%emt 0:00:27]} Ra7 {[%emt 0:00:14]} 21. Rc3 {[%emt 0:02:57]} Qc7 {[%emt 0:08:31]} 22. Qc5 {[%emt 0:01:57]} Rg8 {[%emt 0:01:05]} 23. Qf2 {[%emt 0:04:28]} Rg3 {[%emt 0:03:14]} 24. Rxg3 {[%emt 0:03:31]} fxg3 {[%emt 0:00:27]} 25. Qxf6 {[%emt 0:00:54]} Qe5 {[%emt 0:02:24]} 26. Qxh6 {[%emt 0:02:36]} Na5 {[%emt 0:00:23]} 27. Nxa5 {[%emt 0:02:02]} Qxa5 {[%emt 0:00:46]} 28. Qh8+ {[%emt 0:01:18]} Ke7 {[%emt 0:00:04]} 0-1

[Event "Bruges Masters 2018"]
[Site "Brugge"]
[Date "2018.08.16"]
[Round "8"]
[White "Advait, Bagri"]
[Black "Miciano, John Marvin"]
[Result "1/2-1/2"]
[WhiteElo "1926"]
[BlackElo "2381"]
[Annotator "NA"]
[PlyCount "57"]
[EventDate "2018.08.12"]
[EventType "swiss"]
[EventCountry "BEL"]
[SourceTitle "playchess.com"]
[Source "ChessBase"]
[SourceQuality "1"]
[TimeControl "5400+30"]

1. e4 {[%emt 0:05:22]} d6 {[%emt 0:00:00]} 2. d4 {[%emt 0:00:20]} g6 {[%emt 0:00:07]} 3. Nc3 {[%emt 0:00:22]} Bg7 {[%emt 0:00:08]} 4. Be3 {[%emt 0:00:22]} c6 {[%emt 0:00:16]} 5. Qd2 {[%emt 0:00:26]} b5 {[%emt 0:00:17]} 6. a3 {[%emt 0:03:29]} a6 {[%emt 0:00:28]} 7. h4 {[%emt 0:02:20]} h5 {[%emt 0:00:10]} 8. f3 {[%emt 0:03:12]} Nf6 {[%emt 0:02:15]} 9. Nh3 {[%emt 0:02:04]} Bxh3 {[%emt 0:00:16]} 10. Rxh3 {[%emt 0:01:15]} Nbd7 {[%emt 0:00:27]} 11. Be2 {[%emt 0:09:03]} c5 {[%emt 0:18:10]} 12. dxc5 {[%emt 0:07:46]} dxc5 {[%emt 0:00:05]} 13. Kf2 {[%emt 0:11:40]} O-O {[%emt 0:00:49]} 14. Rd1 {[%emt 0:01:27]} Qc8 {[%emt 0:01:00]} 15. Nd5 {[%emt 0:04:29]} Nxd5 {[%emt 0:01:17]} 16. Qxd5 {[%emt 0:00:17]} Rd8 {[%emt 0:00:20]} 17. c4 {[%emt 0:12:45]} e6 {[%emt 0:05:09]} 18. Qd2 {[%emt 0:01:22]} bxc4 {[%emt 0:01:12]} 19. Bxc4 {[%emt 0:03:12]} Qc7 {[%emt 0:01:01]} 20. Qe2 {[%emt 0:01:00]} Rab8 {[%emt 0:04:42]} 21. b3 {[%emt 0:01:45]} Ne5 {[%emt 0:04:28]} 22. Rxd8+ {[%emt 0:01:44]} Qxd8 {[%emt 0:00:10]} 23. Rh1 {[%emt 0:02:00]} Nxc4 {[%emt 0:01:00]} 24. Qxc4 {[%emt 0:00:10]} Bd4 {[%emt 0:00:22]} 25. Ke2 {[%emt 0:03:16]} e5 {[%emt 0:02:07]} 26. Bg5 {[%emt 0:01:54]} Qa5 {[%emt 0:01:22]} 27. a4 {[%emt 0:02:34]} Qb4 {[%emt 0:00:55]} 28. Qxb4 {[%emt 0:02:12]} Rxb4 {[%emt 0:00:05]} 29. Rc1 {[%emt 0:01:28]} 1/2-1/2

[Event "Bruges Masters 2018"]
[Site "Brugge"]
[Date "2018.08.16"]
[Round "8"]
[White "Ouaki, Mark"]
[Black "Tomov, Georgi"]
[Result "0-1"]
[WhiteElo "1592"]
[BlackElo "2307"]
[Annotator "NA"]
[PlyCount "42"]
[EventDate "2018.08.12"]
[EventType "swiss"]
[EventCountry "BEL"]
[SourceTitle "playchess.com"]
[Source "ChessBase"]
[SourceQuality "1"]
[TimeControl "5400+30"]

1. e4 {[%emt 0:00:00]} c6 {[%emt 0:00:00]} 2. d4 {[%emt 0:00:00]} d5 {[%emt 0:00:00]} 3. exd5 {[%emt 0:00:24]} cxd5 {[%emt 0:00:00]} 4. c4 {[%emt 0:00:33]} Nf6 {[%emt 0:00:08]} 5. Nc3 {[%emt 0:00:51]} Nc6 {[%emt 0:01:13]} 6. Nf3 {[%emt 0:01:05]} g6 {[%emt 0:00:24]} 7. cxd5 {[%emt 0:02:59]} Nxd5 {[%emt 0:00:02]} 8. Bc4 {[%emt 0:00:27]} Nb6 {[%emt 0:00:15]} 9. Bb5 {[%emt 0:01:06]} Bg7 {[%emt 0:00:46]} 10. O-O {[%emt 0:01:48]} O-O {[%emt 0:00:09]} 11. Be3 {[%emt 0:00:58]} Bf5 {[%emt 0:03:37]} 12. Bxc6 {[%emt 0:03:28]} bxc6 {[%emt 0:00:05]} 13. Rc1 {[%emt 0:01:05]} Nd5 {[%emt 0:06:14]} 14. Ne2 {[%emt 0:10:56]} Qb6 {[%emt 0:05:38]} 15. b3 {[%emt 0:09:11]} Rac8 {[%emt 0:10:48]} 16. Re1 {[%emt 0:15:17]} Rfd8 {[%emt 0:05:21]} 17. Nf4 {[%emt 0:09:14]} e5 {[%emt 0:06:50]} 18. Nxd5 {[%emt 0:02:31]} Rxd5 {[%emt 0:00:08]} 19. Qe2 {[%emt 0:17:08]} exd4 {[%emt 0:01:18]} 20. Bd2 {[%emt 0:00:14]} h6 {[%emt 0:06:00]} 21. Qc4 {[%emt 0:05:46]} Qd8 {[%emt 0:04:57]} 0-1

[Event "Bruges Masters 2018"]
[Site "Brugge"]
[Date "2018.08.16"]
[Round "9"]
[White "Turner, Matthew J"]
[Black "Townsend, M Paul"]
[Result "1-0"]
[WhiteElo "2533"]
[BlackElo "2246"]
[Annotator "TA"]
[PlyCount "101"]
[EventDate "2018.08.12"]
[EventType "swiss"]
[EventCountry "BEL"]
[SourceTitle "playchess.com"]
[Source "ChessBase"]
[SourceQuality "1"]

{[%evp 15,101,0,37,22,29,18,40,18,40,22,44,32,48,48,66,63,56,36,151,148,122,131,127,134,132,93,131,138,132,128,178,174,170,176,200,197,266,266,263,266,266,263,245,236,273,257,293,297,336,326,308,279,283,267,287,248,251,245,233,210,243,102,251,242,408,394,381,399,384,180,178,182,174,177,184,178,221,220,270,260,284,284,334,270,338,344,330,323]} 1. Nf3 Nf6 2. g3 d5 3. Bg2 e6 4. O-O Be7 5. c4 O-O 6. b3 c5 7. e3 Nc6 8. Bb2 Qa5 {LiveBook: 14 Partien} 9. cxd5 {A14: Reti-Eröffnung} (9. d3 Rd8 10. Nbd2 Bd7 11. a3 Be8 12. Qc2 Rac8 13. Rfd1 a6 14. h3 h6 15. g4 b5 16. Nf1 bxc4 17. bxc4 {½-½ (92) Rozum,I (2586)-Potkin,V (2574) Sochi 2017}) 9... exd5 $146 ({Vorgänger:} 9... Nxd5 10. a3 Rd8 11. Qc2 Bd7 12. d3 Rac8 13. Nbd2 Be8 14. Rfd1 Bf6 15. Rac1 Bxb2 16. Qxb2 b6 17. Bf1 Nf6 18. Nc4 Qa6 19. Nce5 Qa5 20. Nc4 Qa6 21. Nce5 Qa5 22. Nc4 {½-½ (22) Chapman,T (2200)-Townsend,M (2219) Hull 2018}) 10. d4 Bg4 11. dxc5 {Weiß steht etwas besser.} Qxc5 12. h3 Bf5 13. Nc3 Rad8 14. Rc1 Qb6 15. Na4 $36 {[%mdl 2048] Weiss hat gut koordiniertes Spiel.} Qa6 16. Nd4 Be4 (16... Nxd4 $14 17. Qxd4 Be4) 17. Nxc6 $16 bxc6 18. Bxf6 $1 Bxf6 19. Bxe4 dxe4 20. Qc2 Rfe8 21. Nc5 Qc8 22. Nxe4 Qxh3 23. Nxf6+ ({Keinesfalls} 23. Qxc6 $6 Be7 $16) 23... gxf6 24. Qxc6 Re6 25. Qf3 Ra6 (25... Kg7 $142 26. Rc4 Re5) 26. Rc4 $18 Qe6 27. Re4 Qc6 28. Rg4+ Kf8 29. Qf5 Qd7 30. Qc5+ Qd6 31. Qh5 {Und Dh6+ würde nun gewinnen.} Qd3 32. Qh6+ Ke7 33. Qh4 Re6 34. Ra4 a6 35. Qb4+ Ke8 36. Qf4 Qc2 37. e4 Qe2 {[#]} 38. Qh6 (38. Kg2 $1 $18 {und Weiss behält klar die Oberhand.}) 38... f5 (38... Rc6 $16) 39. Qxh7 fxe4 $2 (39... Rxe4 40. Ra5 (40. Qxf5 Rxa4 41. bxa4 Rd1 $18) 40... Rd1 41. Rxd1 Qxd1+ 42. Kg2 Re1 43. Qh8+ (43. Qxf5 Rg1+ 44. Kh3 Rh1+ 45. Kg2 Rg1+ 46. Kh3 Rh1+ 47. Kg2 Rg1+ $11) 43... Ke7 44. Re5+ Rxe5 45. Qxe5+ Kf8 46. Qxf5 Qd6 47. Qc8+ Kg7 48. Qg4+ Kf8) 40. Rc4 Qf3 41. Qh8+ Ke7 42. Qh4+ (42. Rc7+ $142 Rd7 43. Rc8) 42... Qf6 {Falls Schwarz jetzt zu ...Dxh4 käme, bestünde noch etwas Hoffnung.} 43. Rxe4 Qxh4 44. Rxh4 {[%mdl 4096] Endspiel KTT-KTT} Rd2 {[#]} 45. Ra4 $1 Kd7 46. Kg2 Kc7 47. Rc1+ {Weiß hat entscheidenden Vorteil.} Kb7 48. Rc3 f6 49. Rf3 Kb6 50. Raf4 Rdd6 51. Kh3 {Precision: Weiß = 72%, Schwarz = 32%.} 1-0

[Event "Bruges Masters 2018"]
[Site "Brugge"]
[Date "2018.08.16"]
[Round "9"]
[White "Korneev, Oleg"]
[Black "Koziak, Vitali"]
[Result "1/2-1/2"]
[WhiteElo "2513"]
[BlackElo "2476"]
[Annotator "TA"]
[PlyCount "49"]
[EventDate "2018.08.12"]
[EventType "swiss"]
[EventCountry "BEL"]
[SourceTitle "playchess.com"]
[Source "ChessBase"]
[SourceQuality "1"]

{[%evp 27,49,35,205,212,212,196,206,193,192,203,236,228,382,364,374,348,329,343,365,368,439,410,399,388]} 1. e4 c5 2. Nf3 d6 3. d4 cxd4 4. Nxd4 Nf6 5. Nc3 a6 6. Bg5 e6 7. f4 Be7 8. Qf3 Qc7 9. O-O-O Nbd7 10. g4 b5 11. Bxf6 Nxf6 12. g5 Nd7 13. f5 Bxg5+ 14. Kb1 Nc5 $2 {[#]} (14... O-O $14) 15. Bxb5+ $1 $18 {[%mdl 512] B99: Sicilian Najdorf: 6 Bg5 e6 7 f4 Be7 8 Qf3 Qc7 9 0-0-0 Nbd7} (15. fxe6 Nxe6 16. Nf5 O-O 17. h4 Bd8 18. Nd5 Qa7 19. Bh3 g6 20. Qc3 h5 21. Nf6+ Bxf6 22. Qxf6 Kh7 23. Nxd6 {0-1 (58) Crouan,S (2180)-Koziak,V (2481) Sautron 2013 EXT 2016 [Crouan,S/Primel,D]}) 15... axb5 16. Ndxb5 Qe7 {...Ra6 is the strong threat.} 17. Nxd6+ {White is clearly better.} Kf8 {[#]} 18. Rhg1 $1 e5 {[#]} 19. Qf2 $1 {[%cal Rf2c5]} Nd7 $146 (19... Nb7) ({Predecessor:} 19... Nb7 20. Nxc8 Rxc8 21. Nd5 Qc5 22. Qxc5+ Nxc5 23. Rxg5 Nxe4 {1-0 (52) Moedl,W-Hernaez Fernandez,C (2306) ICCF email 2000}) 20. Nxc8 Rxc8 {[#]} 21. Rxg5 $1 {[%mdl 512]} Qxg5 22. Rxd7 h5 23. Nd5 {Strongly threatening h4.} h4 24. a4 Ra8 25. b3 {[%mdl 32768] An unexpected result.} 1/2-1/2

[Event "Bruges Masters 2018"]
[Site "Brugge"]
[Date "2018.08.16"]
[Round "9"]
[White "Dgebuadze, Alexandre"]
[Black "Dauw, Sterre"]
[Result "1-0"]
[WhiteElo "2511"]
[BlackElo "2192"]
[Annotator "TA"]
[PlyCount "41"]
[EventDate "2018.08.12"]
[EventType "swiss"]
[EventCountry "BEL"]
[SourceTitle "playchess.com"]
[Source "ChessBase"]
[SourceQuality "1"]

{[%evp 25,41,0,12,5,11,-12,0,-14,-13,-14,13,-22,29988,29989,29988,29985,29985,29984]} 1. c4 c5 2. Nc3 Nf6 3. e3 Nc6 4. d4 cxd4 5. exd4 d5 6. Nf3 e6 7. a3 Be7 8. Bd3 dxc4 9. Bxc4 O-O 10. O-O b6 11. Be3 Bb7 12. Rc1 Rc8 13. Ba2 Na5 14. Ne5 {B14: Caro-Kann: Panov-Botvinnik Attack with 5...e6 and 5...g6} Nd5 15. Qg4 $146 ({Predecessor:} 15. Nxd5 Bxd5 16. Rxc8 Qxc8 17. Bxd5 exd5 18. Qf3 Qe6 19. Rc1 Bd6 20. b4 Nb3 21. Rc6 f6 {½-½ (47) Arnold,F (2315)-Szieberth,A (2390) Budapest 1998}) 15... Nxc3 16. Rxc3 {The position is equal.} Rxc3 17. bxc3 Kh8 18. f4 f6 $2 {[%mdl 8192] [#]} (18... Nc6 $11) 19. Ng6+ $1 {[%mdl 512] White mates.} hxg6 20. Qh3+ Kg8 21. Qxe6+ 1-0

[Event "Bruges Masters 2018"]
[Site "Brugge"]
[Date "2018.08.16"]
[Round "9"]
[White "Van Foreest, Lucas"]
[Black "Wan, Yunguo"]
[Result "0-1"]
[WhiteElo "2488"]
[BlackElo "2501"]
[Annotator "TA"]
[PlyCount "104"]
[EventDate "2018.08.12"]
[EventType "swiss"]
[EventCountry "BEL"]
[SourceTitle "playchess.com"]
[Source "ChessBase"]
[SourceQuality "1"]

{[%evp 32,103,31,32,32,7,16,10,10,6,3,18,60,0,0,-2,-8,-10,0,0,0,0,0,-10,0,-21,0,-37,-6,-10,-19,-33,-21,-20,-8,-27,0,-53,0,0,0,0,0,0,0,0,0,0,0,0,0,0,0,-13,-22,-29980,-29981,-29981,-29982,-29995,-29996,-29996,-29997,-29997,-29993,-29995,-29996,-29996,-29997,-29997,-29998,-29998,-29999,-29999]} 1. e4 c5 2. Nf3 Nc6 3. d4 cxd4 4. Nxd4 Nf6 5. Nc3 e5 6. Ndb5 d6 7. Bg5 a6 8. Na3 b5 9. Nd5 Be7 {[%cal Bf8e7,Be7f6,Bf6g5][%mdl 32]} 10. Bxf6 Bxf6 11. c3 Bg5 12. Nc2 O-O 13. h4 Bh6 14. g4 Bf4 15. Qf3 Be6 16. Nxf4 {B33: Sicilian: Pelikan and Sveshnikov Variations} exf4 17. Qxf4 {LiveBook: 3 Games} Ne5 18. f3 {White is slightly better.} (18. g5 Re8 19. O-O-O Bxa2 20. h5 b4 21. Nxb4 Bb3 22. Nc2 Qa5 23. g6 hxg6 {½-½ (49) Haugen,A (2536)-Dronov,A (2595) ICCF email 2006}) 18... a5 $146 ({Predecessor:} 18... Bc4 19. Nd4 Qc7 20. Kf2 b4 21. Qe3 d5 22. Bxc4 Nxc4 23. Qe2 bxc3 {½-½ (69) Schoenfeld,F (2176)-Klemm,D (2177) Goerlitz 1997}) 19. Be2 ({Don't play} 19. Bxb5 Rb8 $17) 19... b4 20. Qd2 bxc3 21. bxc3 Rb8 {Black wants to play ...Rb2.} 22. Nd4 (22. f4 $1 $14) 22... Bc4 $11 {Strongly threatening ...Bxe2.} 23. f4 Bxe2 24. fxe5 ({Not} 24. Qxe2 $2 {[#]} Rb2 $3 $19 {[%mdl 512]}) ({But not} 24. Kxe2 Nc4 $17) 24... Bb5 25. Nxb5 Rxb5 26. exd6 Qf6 27. Rh3 Rd8 28. Rd1 (28. a4 {with more complications.} Rb6 29. Qd4 Rbxd6 30. Qxf6 Rxf6 31. Rd1) 28... Re5 (28... h6 {is interesting.} 29. d7 Re5 30. g5 Qe6 31. Rg3 Rxe4+ 32. Kf2 Qf5+) 29. Qe2 (29. g5 {feels hotter.} Qe6 30. Re3 h6 31. Kf2 hxg5 32. hxg5 Rxg5 33. Rg3) 29... Rxd6 (29... h6 {looks sharper.} 30. Rhd3 Qxh4+ 31. Kd2 Qf6 32. Kc1 Qf4+) 30. Rxd6 Qxd6 $15 {[%mdl 4096] Endgame KQR-KQR} 31. Re3 h6 {[%mdl 1024] Black has compensation.} 32. Kf2 Qe6 33. Kg3 g6 34. a4 (34. Qd2 $11) 34... h5 (34... Qb3 $15) 35. gxh5 $11 Rxh5 36. e5 Rf5 37. c4 Kg7 38. Qd3 Qc6 39. Qd5 Qxa4 {Threatens to win with ...Qa1.} 40. Qd4 Kh7 41. e6 {aiming for e7.} Qc2 {( -> ...Qf2+)} 42. Re5 {And now e7 would win.} Qb3+ 43. Qe3 $2 {[%mdl 8192]} (43. Re3 $11 Qb1 44. Re4) 43... Qb8 {Black mates.} 44. exf7 Rxe5 45. Qf4 Re3+ 46. Kg4 Qc8+ 47. Kg5 Qd8+ 48. Kg4 Qd7+ 49. Kg5 Qe7+ 50. Kg4 Qe6+ 51. Kg5 {[#]} Rg3+ $1 {[%mdl 512]} 52. Qxg3 Qf5# {Precision: White = 53%, Black = 53%.} 0-1